El trabajo de las naciones

Αποθηκεύτηκε σε:
Λεπτομέρειες βιβλιογραφικής εγγραφής
Κύριος συγγραφέας: Reich, Robert B (Συγγραφέας)
Μορφή: Βιβλίο
Γλώσσα:Ισπανικά
Έκδοση: Buenos Aires Javier Vergara Editor 1993
Θέματα:
Ετικέτες: Προσθήκη ετικέτας
Δεν υπάρχουν, Καταχωρήστε ετικέτα πρώτοι!

MARC

LEADER 00000nam a2200000 a 4500
001 UCH3339
003 CL-VaPUC
008 090723e19930000AG |||||||||||||||||spa|d
020 |a 950151305X 
082 0 4 |a 320.54  |b REI  |2 21 
100 0 |a Reich, Robert B  |e author  |9 538634 
245 1 3 |a El trabajo de las naciones 
300 |a 314 p 
942 |c BK 
945 |d 20090723 00:00:00  |a dcastane 
260 |a Buenos Aires  |b Javier Vergara Editor  |c 1993 
650 7 |a NACIONALISMO  |2 CL-VaPUC  |9 538635 
650 0 |a Capitalismo  |9 255255 
650 0 |a Historia siglo 21  |9 337744 
583 |a last modification  |c 20160817 03:45:33  |k Rodrigo Vera 
999 |c 334930  |d 334928